Yearbook of the United Nations 1992

Saved in:
Bibliographic Details
Corporate Author: United Nations. Department of Public Information
Format: Book
Language:English
Published: The Hague ; : Boston ; : London : Martinus Nijhoff, c1993
Subjects:
Tags: Add Tag
No Tags, Be the first to tag this record!

MARC

LEADER 00000nam a2200000 i 4500
001 1/94943
008 991201s1993 eng d
020 |a 0-7923-2583-4 
022 |a 00828521 
035 |l 10055067 
040 |a GR-MY-UA  |b gre  |e aacr 
041 0 |a eng 
082 0 |a Π 341.2305 
110 2 |a United Nations.   |b Department of Public Information. 
245 1 0 |a Yearbook of the United Nations 1992 /  |c Department of public information, United Nations 
260 |a The Hague ; :   |a Boston ; :   |a London :   |b Martinus Nijhoff,   |c c1993 
300 |a v.46 
610 2 0 |a United Nations  |x Periodicals. 
650 0 0 |a International agencies  |x Periodicals. 
852 |a INST  |b RHODES  |e 19991201  |h 341.2305 UNI  |p 005400014227  |q 005400014227  |t REF  |y 23  |z v.46 
852 |a INST  |b RHODES  |e 19991201  |h 341.2305 UNI  |p 005400014227  |q 005400014227  |t REF  |v v.46:  |y 23  |z v.46 
853 |a INST  |b RHODES  |h 341.2305 UNI 
901 |a BIBL4-1999-3 
909 |a Ρ  |b 070088 
922 |a 4ΕΛΗ  |b 199910  |c ΚΠΣ/124  |d GLORYBOOKS 
970 |a ΧΟΡΟΖΙΔΟΥ  |b ΤΖΕΝΗ  |z 1999/12/01